Statistics for RDR2 location quiz

Click here to take the quiz!

General Stats

  • This quiz has been taken 810 times
  • The average score is 15 of 42

Answer Stats

HintAnswer% Correct
Lemoyne, biggest town in Red Dead Redemption 2.Saint Denis
98%
Lemoyne, central town in Scarlett Meadows.Rhodes
91%
New Hanover, town where Lenny and Arthur got drunk.Valentine
70%
New Hanover, mining town belonging to Leviticus Cornwall.Annesburg
67%
Lemoyne, settlement in the swamps.Lagras
60%
Lemoyne, plantation that belongs to Catherine.Braithwaite Manor
58%
Lemoyne, plantation that belongs to the Gray's family.Caliga Hall
57%
Lemoyne, your camp in chapter 4.Shady Bell
56%
West Elizabeth, town consisting only of wooden houses.Strawberry
56%
West Elizabeth, biggest town in West Elizabeth.Blackwater
52%
New Hanover, ranch where Seamus lives.Emerald Ranch
52%
New Austin, town with cholera.Armadillo
50%
Ambarino, your camp in chapter 1.Colter
48%
New Hanover, your camp in chapter 2.Horseshoe overlook
48%
New Austin, most western town in Red Dead Redemption 2.Tumbleweed
48%
Lemoyne, your camp in chapter 5.Lakay
42%
New Hanover, your camp in chapter 6.Beaver Hollow
41%
West Elizabeth, John's ranch.Beecher's Hope
36%
New Hanover, most eastern town of the map.Van Horn Trading Post
34%
Ambarino, settlement were the indians live.Wapiti Indian Reservation
30%
Ambarino, the ranch you visit during the first mission.Adler Ranch
28%
Ambarino, the lake were the veteran lives.O'Creagh's Run
27%
West Elizabeth, your camp in epiloque 1.Pronghorn Ranch
27%
New Austin, Fort used as hideout by the Del Lobos.Fort Mercer
26%
West Elizabeth, train station in the middle of the woods.Wallace Station
25%
New Hanover, the place Eagle Flies needed rescuing from.Fort Wallace
24%
West Elizabeth, train station closest to Strawberry.Riggs Station
24%
New Hanover, settlement in Roanoke Ridge.Butcher Creek
22%
West Elizabeth, hideout of the Laramie gang.Hanging Dog Ranch
22%
New Austin, used as hideout by the Del Lobos.Thieves Landing
22%
Lemoyne, deserted battlefield.Bolger Glade
20%
New Austin, important ranch in Red Dead Redemption 1.Macfarlane's Ranch
20%
New Hanover, the train station near Flat iron lake.Flatneck Station
19%
West Elizabeth, settlement inhabited by Norwegians.Manzanita Post
18%
New Hanover, train station in Cumberland forest.Bacchus Station
16%
New Austin, abandoned train station close to a fort.Mercer Station
11%
New Austin, train station in the west.Benedict Point
10%
New Austin, outlaw gang hideout in the northern area of New Austin.Twin Rocks
10%
New Austin, mineshaft used as hideout by the Del Lobos.Gaptooth Breach
7%
New Austin, settlement in the northern part of New Austin.Rathskeller Fork
6%
New Hanover, oil fields belonging to Leviticus Cornwall.Cornwall Kerosine and Tar
4%
New Austin, river jetty on the San Luis River.Quakers Cove
3%

Score Distribution

Percentile by Number Answered

Percent of People with Each Score

Your Score History

You have not taken this quiz